| 000 | 01333nam0a2200373 4500 | ||
|---|---|---|---|
| 001 | RU\NLR\bibl\213176 | ||
| 005 | 20250619101608.0 | ||
| 010 |
_a5-85051-205-5 _bВ пер. _95000 |
||
| 021 |
_aRU _b2001-34261 _91632 |
||
| 035 | _a(NLR Aleph) 000209333 | ||
| 090 |
_a1214799 _c1214799 |
||
| 100 | _a20011129d2001 |||y0rusy50 ca | ||
| 101 | 0 | _arus | |
| 102 | _aRU | ||
| 105 | _aa ||||||||| | ||
| 200 | 1 |
_aСтерлитамак _f[А. Кульмухаметова] |
|
| 210 |
_aСтерлитамак _cАдминистрация г. Стерлитамака _d2001 |
||
| 215 |
_a93,[2] с. _cил., ноты _d30 |
||
| 300 | _aНа авантит.: Стерлитамак-235 | ||
| 607 |
_aСтерлитамак, город (Башкирия) _jФотоальбомы _92235442 _3RU\NLR\auth\661341591 |
||
| 607 |
_aСтерлитамак, город (Башкирия) _jАльбомы _92235442 _3RU\NLR\auth\661341591 |
||
| 610 | 0 | _aСтерлитамак | |
| 675 |
_a308(470.57) _v3 _zrus |
||
| 686 |
_a04.51 _2rugasnti |
||
| 686 |
_a65.9(2Рос) _2rubbk |
||
| 686 | _aД890(2Р36-6Б-2)я61 | ||
| 700 | 1 |
_aКульмухаметова _bА. _4070 |
|
| 801 | 0 |
_aRU _bRKP _c20011129 _gPSBO |
|
| 801 | 1 |
_aRU _bRKP _c20011129 |
|
| 801 | 2 |
_aRU _bNLR _c20020312 _grcr |
|
| 942 | _cBOOK | ||
| 980 | _aNB | ||
| 980 | _aNBR | ||